[Event "SWE-ch"]
[Site "?"]
[Date "1983.??.??"]
[Round "?"]
[White "Unander, Matts"]
[Black "Winge, Stefan"]
[Result "1-0"]
[WhiteElo "2200"]
[BlackElo "2200"]

1.e4 c5 2.Nf3 e6 3.d4 cxd4 4.Nxd4 a6 5.Bd3 g6 6.O-O Bg7 7.Be3 Nf6 8.c4 d6
9.Nc3 O-O 10.f3 b6 11.Qd2 Bb7 12.Rfd1 Nbd7 13.Bf1 Qc7 14.Rac1 Rab8 15.b3 Ba8
16.Nde2 Ne8 17.h3 Ne5 18.Nd4 Qe7 19.Qf2 Nd7 20.b4 f5 21.exf5 gxf5 22.Qe1 Ne5
23.Bf4 Qf6 24.c5 bxc5 25.bxc5 Rb2 26.cxd6 Nxd6 27.Bxe5 Qxe5 28.Nxe6 Re8 29.Qxe5 Bxe5
30.Nc7 Rc8 31.Nxa8 Bxc3 32.Kh1 Bf6 33.Rxc8+ Nxc8 34.Bxa6 Ne7 35.Nc7 f4 36.Bc4+ Kg7
37.Ne8+ Kg6 38.Rd6 Nf5 39.Rxf6+ Kg5 40.h4+ Nxh4  1-0

[Event "DEN-ch"]
[Site "Tarnby"]
[Date "1983.??.??"]
[Round "6"]
[White "Fries Nielsen, Jens Ove"]
[Black "Kristiansen, Jens"]
[Result "0-1"]
[WhiteElo "2440"]
[BlackElo "2445"]

1.e4 c5 2.Nf3 e6 3.d4 cxd4 4.Nxd4 a6 5.Bd3 Nf6 6.O-O Qc7 7.Qe2 d6 8.a4 b6
9.f4 Nbd7 10.c4 Bb7 11.Nc3 Be7 12.Kh1 g6 13.Nf3 O-O 14.Bd2 Nh5 15.Rae1 Rae8
16.e5 dxe5 17.fxe5 Nc5 18.Bc2 a5 19.Nb5 Qb8 20.Bc3 f5 21.Nd6 Bxd6 22.exd6 Qxd6
23.Rd1 Qc7 24.Be5 Qc8 25.Qe3 Nf6 26.h3 Nfd7 27.Bd6 Rf7 28.Ne5 Nxe5 29.Bxe5 Nd7
30.Bc3 Qc6 31.Rf2 e5 32.b3 f4 33.Qd2 Nc5 34.Re1 Rfe7 35.Qe2 Qf6 36.Rd1 Qh4
37.Kg1 Qg3 38.Be1 Qg5 39.Kh1 e4 40.Bc3 Qg3  0-1

[Event "Vrnjacka Banja"]
[Site "Vrnjacka Banja"]
[Date "1983.??.??"]
[Round "1"]
[White "Marjanovic, Slavoljub"]
[Black "Martinovic, Slobodan"]
[Result "1-0"]
[WhiteElo "2435"]
[BlackElo "2445"]

1.e4 c5 2.Nf3 e6 3.d4 cxd4 4.Nxd4 a6 5.Bd3 Nf6 6.O-O d6 7.c4 Be7 8.Nc3 O-O
9.b3 Re8 10.Bb2 Bf8 11.Kh1 Nbd7 12.Qe2 g6 13.Rad1 Bg7 14.Bb1 Qc7 15.Qd2 b6
16.Nde2 Bf8 17.f4 Be7 18.Ng3 Rf8 19.Qe2 Bb7 20.e5 dxe5 21.fxe5 Ne8 22.Be4 Bxe4
23.Ncxe4 Nxe5 24.Nf6+ Bxf6 25.Rxf6 Nxf6 26.Bxe5 Qe7 27.Qf3 Nd7 28.Rxd7 Qxd7
29.Qf6 Qd1+ 30.Nf1 Qxf1+ 31.Qxf1 f6 32.Bc7 b5 33.c5 Rf7 34.Bd6 Rc8 35.a4 Rd7
36.h3 bxa4 37.Qxf6 Re8  1-0

[Event "Warsaw"]
[Site "Warsaw"]
[Date "1983.??.??"]
[Round "3"]
[White "Skrobek, Ryszard"]
[Black "Sygulski, Artur"]
[Result "1/2-1/2"]
[WhiteElo "2420"]
[BlackElo "2425"]

1.e4 c5 2.Nf3 e6 3.d4 cxd4 4.Nxd4 a6 5.Bd3 Nc6 6.Nxc6 bxc6 7.c4 e5 8.O-O Bc5
9.Kh1 Ne7 10.Qh5 d6 11.f4 exf4 12.Bxf4 Ng6 13.Bg5 Qd7 14.Nd2 h6 15.Bh4 Qg4
16.Qxg4 Bxg4 17.Bf2 Bxf2 18.Rxf2 Ne5 19.Be2 Bxe2 20.Rxe2 Ke7 21.Nf3 Nxc4
22.Rc1 Ne5 23.Nxe5 dxe5 24.Rxc6 Rac8 25.Rxc8 Rxc8 26.g4 h5 27.g5 Rd8 28.Kg2 Rd3
29.h4 a5 30.b3 Rc3 31.Rd2 a4 32.Rd5 Ke6 33.Ra5 axb3 34.axb3 Rxb3 35.Ra6+ Kd7
36.Ra7+  1/2-1/2

[Event "Warsaw"]
[Site "Warsaw"]
[Date "1983.??.??"]
[Round "6"]
[White "Kindermann, Stefan"]
[Black "Adamski, Jan"]
[Result "1/2-1/2"]
[WhiteElo "2440"]
[BlackElo "2425"]

1.e4 c5 2.Nf3 e6 3.d4 cxd4 4.Nxd4 a6 5.Bd3 Nf6 6.O-O d6 7.f4 Nbd7 8.Kh1 g6
9.Qe2 Bg7 10.Nf3 O-O 11.c4 b5 12.e5 dxe5 13.fxe5 Ng4 14.Bg5 Qb6 15.Be4 Bb7
16.Bxb7 Qxb7 17.Bf4 h5 18.h3 Nh6  1/2-1/2

[Event "OHRA"]
[Site "Amsterdam"]
[Date "1984.??.??"]
[Round "2"]
[White "De Wit, Johannes S"]
[Black "Sax, Gyula"]
[Result "1/2-1/2"]
[WhiteElo "2395"]
[BlackElo "2565"]

1.e4 c5 2.Nf3 e6 3.d4 cxd4 4.Nxd4 a6 5.Bd3 Nf6 6.O-O Qc7 7.c4 Nc6 8.Nxc6 bxc6
9.Nc3 Be7 10.b3 O-O 11.Bb2 Bd6 12.Kh1 c5 13.Qe2 Bb7 14.f4 e5 15.f5 Be7 16.Rf3 Nh5
17.Nd5 Bxd5 18.exd5 d6 19.g4 e4 20.Bxe4 Nf6 21.Bc2 Rae8 22.Qd3 Nd7 23.Bxg7 Kxg7
24.f6+ Nxf6 25.Rxf6 Rh8 26.Rf5 h6 27.Raf1 Ref8 28.Qc3+ Kg8 29.Re1 Bh4 30.Re2 Qd8
31.Qd3 Re8 32.Re3 Rxe3 33.Qxe3 Kg7 34.Qc3+ Bf6 35.Qd3 Qe7 36.Rf1 Be5 37.Qf5 Qf6
38.Qxf6+ Bxf6 39.Re1  1/2-1/2

[Event "FRG-ch"]
[Site "Bad Neuenahr"]
[Date "1984.??.??"]
[Round "?"]
[White "Lobron, Eric"]
[Black "Raupp, Thomas"]
[Result "1-0"]
[WhiteElo "2520"]
[BlackElo "2275"]

1.e4 c5 2.Nf3 e6 3.d4 cxd4 4.Nxd4 a6 5.Bd3 Bc5 6.Nb3 Ba7 7.Qe2 Nc6 8.Be3 e5
9.Nc3 d6 10.O-O Nge7 11.Bxa7 Rxa7 12.Qe3 Be6 13.Rad1 b5 14.Rd2 O-O 15.Rfd1 Qb8
16.Bf1 Rd8 17.Nd5 a5 18.c3 Rb7 19.h3 a4 20.Na1 b4 21.c4 Nd4 22.Nxe7+ Rxe7
23.b3 Rc8 24.Nc2 Nxc2 25.Rxc2 axb3 26.axb3 Rc5 27.Ra2 h6 28.Qd2 Rc6 29.Ra4 Rb7
30.Be2 Rcb6 31.Qe3 Qc7 32.Bg4 Kh7 33.Qf3 Qe7 34.Bf5+ g6 35.Bxe6 fxe6 36.Ra5 Rc7
37.Ra8 Kg7 38.Rda1 Rcb7 39.Rc8 Rb8 40.Ra7 R6b7 41.Rxb8 Rxa7 42.Rxb4 Ra1+
43.Kh2 Qa7 44.Kg3 Ra2 45.Qe3 Qxe3+ 46.fxe3 Rb2 47.Rb7+ Kf6 48.b4 g5  1-0

[Event "URS-ch sf"]
[Site "Barnaul"]
[Date "1984.??.??"]
[Round "?"]
[White "Tseshkovsky, Vitaly"]
[Black "Dzuban, Oleg I"]
[Result "1/2-1/2"]
[WhiteElo "2505"]
[BlackElo "2415"]

1.e4 c5 2.Nf3 e6 3.d4 cxd4 4.Nxd4 a6 5.Bd3 Nf6 6.O-O Qc7 7.Qe2 d6 8.c4 Be7
9.b3 Nbd7 10.Bb2 Ne5 11.Bc2 Ng6 12.f4 O-O 13.Kh1 Re8 14.Nc3 Bf8 15.Rae1 e5
16.fxe5 dxe5 17.Nf5 Nf4 18.Qf3 b5 19.g3 N4h5 20.Nd5 Nxd5 21.exd5 Nf6 22.Nh6+ gxh6
23.Qxf6 Bg7 24.Qf3 f6 25.d6 Qa7 26.Be4 Rb8 27.Qf2 Qxf2 28.Rxf2 bxc4 29.bxc4 Bd7
30.c5 Rec8 31.Bd5+ Kf8 32.Rc1 Rb5 33.Ba3 Bc6 34.Bxc6 Rxc6 35.Rb2 Rxb2 36.Bxb2 Ke8
37.Ba3 Kd7 38.Rb1 Kc8 39.Kg2 h5 40.Kh3 Bh6 41.Kh4 Bd2 42.Rd1 Be3 43.d7+  1/2-1/2

[Event "Belgrade"]
[Site "Belgrade"]
[Date "1984.??.??"]
[Round "?"]
[White "Vujacic, Borivoje"]
[Black "Plachetka, Jan"]
[Result "0-1"]
[WhiteElo "2370"]
[BlackElo "2440"]

1.e4 c5 2.Nf3 e6 3.d4 cxd4 4.Nxd4 a6 5.Bd3 Nf6 6.O-O Qc7 7.Kh1 Be7 8.f4 d6
9.c4 O-O 10.Nc3 Nbd7 11.Qe2 b6 12.Bd2 Bb7 13.Rac1 Rfe8 14.b4 Bf8 15.Nb3 Rad8
16.a3 Qb8 17.Be3 Qa8 18.Bg1 g6 19.Rc2 Bg7 20.a4 d5 21.cxd5 Nxe4 22.Qxe4 exd5
23.Qf3 d4 24.Ne4 Bxe4 25.Bxe4 Qxe4 26.Qxe4 Rxe4 27.Rc6 d3 28.Rd6 Rxb4 29.Nd4 Bf8
30.Rd5 Rxa4 31.Rd1 Ra5 32.Rxa5 bxa5 33.Rxd3 Nf6 34.Rc3 a4 35.Rc6 Rd6 36.Rc4 a3
37.Ra4 Ne4 38.g3 f5 39.Kg2 Rb6 40.Kf3 Nc3  0-1

[Event "Bor"]
[Site "Bor"]
[Date "1984.??.??"]
[Round "?"]
[White "Abramovic, Bosko"]
[Black "Kirov, Nino"]
[Result "0-1"]
[WhiteElo "2480"]
[BlackElo "2430"]

1.e4 c5 2.Nf3 e6 3.d4 cxd4 4.Nxd4 a6 5.Bd3 Bc5 6.Nb3 Ba7 7.Qe2 Nc6 8.Be3 Bxe3
9.Qxe3 d6 10.Nc3 Nf6 11.f4 O-O 12.O-O-O Qc7 13.Be2 b5 14.g4 b4 15.g5 Ne8
16.Na4 Rb8 17.Rd2 e5 18.f5 Bd7 19.Qd3 Na7 20.Qxa6 Bc6 21.Bd3 Nc8 22.Nac5 dxc5
23.Qa5 Qxa5 24.Nxa5 Ba8 25.Nb3 c4 26.Bxc4 Bxe4 27.Re1 Ned6 28.Ba6 Rb6 29.Nc5 Bxf5
30.Rxe5 g6 31.b3 Kg7 32.Kb2 Rc6 33.Rd4 Re8 34.Rxe8 Nxe8 35.Bxc8 Rxc8 36.Nd3 Bxd3
37.Rxd3 h6 38.gxh6+ Kxh6 39.Rd4 Rb8 40.c3 bxc3+ 41.Kxc3 Rc8+ 42.Kb2 f5 43.a4 g5
44.b4 f4 45.b5 f3 46.Kb3 Rc1  0-1

[Event "Alfoldi mem (Women)"]
[Site "Budapest"]
[Date "1984.??.??"]
[Round "?"]
[White "Madl, Ildiko"]
[Black "Kurucsai, Istvanne"]
[Result "1-0"]
[WhiteElo "2060"]
[BlackElo "2070"]

1.e4 c5 2.Nf3 e6 3.d4 cxd4 4.Nxd4 a6 5.Bd3 Nf6 6.O-O d6 7.c4 Be7 8.Nc3 O-O
9.Be3 Qc7 10.Rc1 Nbd7 11.f4 Re8 12.b4 Bf8 13.Qf3 Qd8 14.Bb1 e5 15.Nde2 exf4
16.Qxf4 Ne5 17.Nd5 Nxd5 18.exd5 Be7 19.Ng3 h6 20.Qe4 g6 21.Bxh6 Bg5 22.Bxg5 Qxg5
23.Qf4 Qxf4 24.Rxf4 a5 25.Ne4 Rd8 26.Rf6 axb4 27.Rxd6 Bf5 28.Rxd8+ Rxd8 29.Nf6+ Kg7
30.Nh5+ gxh5 31.Bxf5 b6 32.c5 bxc5 33.Rxc5 Kf6 34.Be4 Rb8 35.Bc2 Ke7 36.Bb3 Kd6
37.Rc2 Ng4 38.h3 Ne5 39.Rf2 Rc8 40.Rf6+ Ke7 41.Rf5 Rc1+ 42.Kh2 Nc4 43.Rxh5  1-0

[Event "Alfoldi mem (Women)"]
[Site "Budapest"]
[Date "1984.??.??"]
[Round "?"]
[White "Szaday, Laszlone"]
[Black "Kurucsai, Istvanne"]
[Result "0-1"]
[WhiteElo "2020"]
[BlackElo "2070"]

1.e4 c5 2.Nf3 e6 3.d4 cxd4 4.Nxd4 a6 5.Bd3 Nf6 6.O-O d6 7.Be3 Be7 8.Nd2 Qc7
9.f4 O-O 10.g4 Nc6 11.g5 Nxd4 12.Bxd4 Ne8 13.Qh5 g6 14.Qh6 e5 15.f5 Bxg5
16.Qxg5 exd4 17.Bc4 Qc5 18.b4 Qe5 19.Rf4 d3 20.Rc1 Qb2 21.Rff1 dxc2 22.fxg6 hxg6
23.Qxg6+ Qg7 24.Qxg7+ Nxg7 25.Rxc2 Be6 26.Rf3 Rfc8 27.Rfc3 Kf8 28.a4 Ke7
29.Kf2 Rh8 30.Nf1 Bxc4 31.Rxc4 Ne6 32.R4c3 b5 33.a5 Kd7 34.Rd3 Rh6 35.e5 Ng5
36.Ke3 Re8 37.Kf4 Rxe5 38.Kg3 Rh3+  0-1

[Event "Alfoldi mem (Women)"]
[Site "Budapest"]
[Date "1984.??.??"]
[Round "?"]
[White "Heintze, Marion"]
[Black "Szaday, Laszlone"]
[Result "1/2-1/2"]
[WhiteElo "2095"]
[BlackElo "2020"]

1.e4 c5 2.Nf3 e6 3.d4 cxd4 4.Nxd4 a6 5.Bd3 Bc5 6.Nb3 Ba7 7.O-O Nc6 8.c4 d6
9.Nc3 Nf6 10.Be2 O-O 11.Bg5 Ne5 12.Bf4 Bb8 13.Rc1 Bd7 14.Be3 Qc7 15.Nd4 Nxc4
16.Bxc4 d5 17.e5 dxc4 18.f4 Nd5 19.Nxd5 exd5 20.Qh5 Ba7 21.Rf3 Rae8 22.Rg3 Kh8
23.Rxg7 Kxg7 24.Qg5+ Kh8 25.Qf6+ Kg8  1/2-1/2

[Event "Midwest Masters-B"]
[Site "Chicago"]
[Date "1984.??.??"]
[Round "1"]
[White "Hudson, S."]
[Black "Rose, J."]
[Result "0-1"]
[WhiteElo "2220"]
[BlackElo "2350"]

1.e4 c5 2.Nf3 e6 3.d4 cxd4 4.Nxd4 a6 5.Bd3 Nf6 6.O-O d6 7.c4 Be7 8.Nc3 Nbd7
9.Be3 Qc7 10.Rc1 O-O 11.f4 b6 12.Rf3 Nc5 13.e5 dxe5 14.fxe5 Qxe5 15.Nc6 Qd6
16.Nxe7+ Qxe7 17.Bg5 Nxd3 18.Qxd3 Qc5+ 19.Be3 Qc6 20.Rxf6 gxf6 21.Bh6 Qc5+
22.Kh1 Qh5 23.Bxf8 Qg5 24.Rg1 Kxf8 25.Qd6+ Kg7 26.Qc6 Rb8 27.Ne4 Qe5 28.Nd6 Qc5
29.Ne8+ Kf8 30.Qxc5+ bxc5 31.Nxf6 Rxb2 32.Nxh7+ Kg7 33.Ng5 Rxa2 34.Ne4 Rc2
35.h4 Rxc4 36.Re1 Bb7  0-1

[Event "New Delhi"]
[Site "Delhi"]
[Date "1984.??.??"]
[Round "?"]
[White "Mithrakanth, Poorna Sharma"]
[Black "Prasad, Devaki V"]
[Result "1-0"]
[WhiteElo "2345"]
[BlackElo "2340"]

1.e4 c5 2.Nf3 e6 3.d4 cxd4 4.Nxd4 a6 5.Bd3 Nc6 6.c3 Nf6 7.O-O d6 8.Kh1 Be7
9.f4 Qc7 10.Be3 O-O 11.Nd2 Bd7 12.a4 Rac8 13.Qe2 g6 14.Bg1 e5 15.Nxc6 Bxc6
16.fxe5 dxe5 17.a5 Nh5 18.Bb6 Qd7 19.Nc4 Qe6 20.Be3 Rfd8 21.Nb6 Rxd3 22.Nxc8 Qxc8
23.Qxd3 Qg4 24.Qc4 Nf6 25.h3 Qh4 26.Bf2 Qxe4 27.Qxe4 Nxe4 28.Kg1 Nxf2 29.Rxf2 f5
30.b4 e4 31.Rb1 Bb5 32.Rd2 Bf6 33.Rd5 Bxc3 34.Rc1 Bxb4 35.Rc7  1-0

[Event "DDR-ch (Women)"]
[Site "Eilenburg"]
[Date "1984.??.??"]
[Round "13"]
[White "Heintze, Marion"]
[Black "Timme, Karin"]
[Result "1-0"]
[WhiteElo "2095"]
[BlackElo "2000"]

1.e4 c5 2.Nf3 e6 3.d4 cxd4 4.Nxd4 a6 5.Bd3 Qc7 6.O-O Nc6 7.Nxc6 bxc6 8.c4 Nf6
9.Nc3 Bb7 10.Qe2 d5 11.exd5 cxd5 12.cxd5 Nxd5 13.Nxd5 Bxd5 14.Be4 Bc4 15.Qf3 Rc8
16.Bf4 Bd6 17.Bxd6 Qxd6 18.Rfd1 Qb6 19.Qa3 Bb5 20.Rac1 Rxc1 21.Rxc1 Bd7 22.h3 f5
23.Bc6 Qc7 24.Bxd7+ Qxd7 25.Qxa6 Kf7 26.Qc6 Qd2 27.Qc7+ Kg6 28.Qg3+  1-0

[Event "Bundesliga 8384"]
[Site "Germany"]
[Date "1984.??.??"]
[Round "?"]
[White "Krieger, Hermann"]
[Black "Bachmann, Karlheinz"]
[Result "1-0"]
[WhiteElo "2220"]
[BlackElo "2325"]

1.e4 c5 2.Nf3 e6 3.d4 cxd4 4.Nxd4 a6 5.Bd3 Nf6 6.O-O Qc7 7.Nc3 b5 8.a3 Bb7
9.Kh1 d6 10.f4 Nbd7 11.Qe2 Be7 12.Bd2 O-O 13.Rae1 Rad8 14.Rf3 Nc5 15.Rg3 d5
16.e5 Nfe4 17.Bxe4 dxe4 18.Qg4 g6 19.Be3 Rd7 20.Nce2 Rfd8 21.h4 Na4 22.h5 Nxb2
23.hxg6 hxg6 24.Nxe6 Qc4 25.Nxd8 Rxd8 26.f5 Bc8 27.e6 Kg7 28.exf7 Qxf7 29.Bd4+ Bf6
30.Qxg6+  1-0

[Event "Graz"]
[Site "Graz"]
[Date "1984.??.??"]
[Round "?"]
[White "Matanovic, Aleksandar"]
[Black "Bellon Lopez, Juan Manuel"]
[Result "1/2-1/2"]
[WhiteElo "2490"]
[BlackElo "2425"]

1.e4 c5 2.Nf3 e6 3.d4 cxd4 4.Nxd4 a6 5.Bd3 Nf6 6.O-O d6 7.c4 b6 8.Nc3 Bb7
9.Qe2 Nbd7 10.b3 Be7 11.Bb2 O-O 12.Rad1 Qc7 13.Bb1 Rfe8 14.f4 Bf8 15.Qf3 g6
16.Kh1 Bg7 17.Nde2 Rad8 18.Rd2 Bc6 19.Rfd1 Nc5 20.b4 Na4 21.Nxa4 Bxa4 22.Rc1 Bc6
23.Nc3 Bb7 24.Bd3 Nd7 25.Qf2 Qb8 26.Ne2 Bxb2 27.Rxb2 Qa8 28.Nc3 Rc8 29.Rcc2 Rc7
30.h3 Rec8 31.a3 Rc6 32.Qe3 Nf6 33.e5 Ne8 34.Ne4 d5 35.cxd5 Rxc2 36.Rxc2 Rxc2
37.Bxc2 Bxd5 38.Kh2 Qc6 39.Bd3 a5 40.b5 Qc7 41.Nf6+ Nxf6 42.exf6 Kf8 43.Qe5 Qd8
44.Kg3 Ke8 45.Be4 Bxe4 46.Qxe4 Qd5 47.Qe5 Kd7 48.Kh2 h6 49.h4 h5 50.a4 Qc4
51.g3 Qxa4 52.Qb8 Qc2+ 53.Kh3 Qe4 54.Kh2 Qc2+ 55.Kh3 Qf5+ 56.Kh2 Qxb5 57.Qb7+ Kd6
58.Qxf7 Qe2+ 59.Kg1  1/2-1/2

[Event "HUN-ch"]
[Site "HUN"]
[Date "1984.??.??"]
[Round "7"]
[White "Utasi, Tamas"]
[Black "Farago, Ivan"]
[Result "0-1"]
[WhiteElo "2350"]
[BlackElo "2525"]

1.e4 c5 2.Nf3 e6 3.d4 cxd4 4.Nxd4 a6 5.Bd3 Nf6 6.O-O d6 7.c4 Be7 8.Nc3 O-O
9.Be3 Nbd7 10.f3 Qc7 11.Rc1 b6 12.Qe1 Bb7 13.Qf2 Rac8 14.Rfd1 Qb8 15.Bf1 Rfe8
16.Nb3 Bd8 17.Qg3 Bc7 18.Bh6 g6 19.Qh4 Nh5 20.Nd4 Bd8 21.Qh3 Bf6 22.g4 Bg7
23.Bxg7 Nxg7 24.Qg3 h5 25.h3 Qc7 26.Nb3 Ne5 27.f4 Nd7 28.Be2 hxg4 29.hxg4 Nc5
30.Bf3 g5 31.Kg2 gxf4 32.Qxf4 e5 33.Qh6 Re6 34.Qh4 Rg6 35.Nxc5 Qxc5 36.Nd5 Bxd5
37.Rxd5 Qc7 38.Rh1 Kf8 39.Qh8+ Ke7 40.Qh4+ Kf8 41.Qh8+ Ke7 42.Qh4+ Kd7 43.Rhd1 Re8
44.Be2 Ne6 45.Rxd6+ Qxd6 46.Rxd6+ Kxd6 47.c5+ bxc5 48.Bxa6 Rb8 49.b3 Ra8
50.Bc4 Rxa2+ 51.Kg3 Ra8 52.Bxe6 fxe6 53.Qh7 Rag8 54.Qb7 Rxg4+ 55.Kf3 Rg2  0-1

[Event "ISR-ch"]
[Site "?"]
[Date "1984.??.??"]
[Round "?"]
[White "Gruenfeld, Yehuda"]
[Black "Ginsberger, Alexander"]
[Result "1-0"]
[WhiteElo "2435"]
[BlackElo "2200"]

1.e4 c5 2.Nf3 e6 3.d4 cxd4 4.Nxd4 a6 5.Bd3 Nc6 6.Nxc6 bxc6 7.O-O d5 8.c4 Nf6
9.exd5 cxd5 10.cxd5 exd5 11.Re1+ Be7 12.Qa4+ Qd7 13.Nc3 Qxa4 14.Nxa4 Be6
15.Be3 O-O 16.Bc5 Bxc5 17.Nxc5 Rfb8 18.Nxe6 fxe6 19.Rxe6 Rxb2 20.Rxa6 Rxa6
21.Bxa6 Ne4 22.a4 Nc5 23.Bb5 Kf8 24.Rc1 Nb3 25.Rc8+ Ke7 26.h3 Nd4 27.Bd3 Ra2
28.Ra8 g6 29.a5 Ra1+ 30.Kh2 Nc6 31.a6 Kd6 32.Bb5 d4 33.Bxc6 Kxc6 34.a7 Kc7
35.Rh8 Rxa7 36.Rxh7+ Kb6 37.Rxa7 Kxa7 38.Kg3  1-0

[Event "Kragujevac"]
[Site "Kragujevac"]
[Date "1984.??.??"]
[Round "1"]
[White "Lazic, Dragoljub"]
[Black "Padevsky, Nikola"]
[Result "1/2-1/2"]
[WhiteElo "2320"]
[BlackElo "2445"]

1.e4 c5 2.Nf3 e6 3.d4 cxd4 4.Nxd4 a6 5.Bd3 d6 6.O-O Nf6 7.c4 Nbd7 8.Nc3 Qc7
9.Be3 Be7 10.Rc1 O-O 11.b3 Re8 12.Re1 Bf8 13.Bf1 b6 14.f3 Bb7 15.Qd2 h6 16.Qf2 Rac8
17.Kh1 Qb8 18.Qg3 Kh8 19.Bd2 Qc7 20.Bd3 Ne5 21.Bb1 Ng6 22.f4 Nh5 23.Qg4 Nhxf4
24.Bxf4 Nxf4 25.Qxf4 e5 26.Qd2 exd4 27.Qxd4 Qc5 28.Qd3 g6 29.Qf3 Qc7 30.Nd5 Bxd5
31.exd5 Bg7 32.Rcd1 Kg8 33.Bd3 Qc5 34.g3 h5 35.Re2 Re5 36.Rf1 Rc7 37.Kg2 Qd4
38.Ree1 f5 39.Be2 Ree7 40.Qd3  1/2-1/2

[Event "Kragujevac"]
[Site "Kragujevac"]
[Date "1984.??.??"]
[Round "5"]
[White "Martinovic, Slobodan"]
[Black "Milicevic, Predrag"]
[Result "1/2-1/2"]
[WhiteElo "2460"]
[BlackElo "2280"]

1.e4 c5 2.Nf3 e6 3.d4 cxd4 4.Nxd4 a6 5.Bd3 Nc6 6.Nxc6 bxc6 7.O-O d5 8.c4 Nf6
9.exd5 cxd5 10.cxd5 Qxd5 11.Nc3 Qc6 12.Bc2 Qc7 13.Qf3 Bb7 14.Ba4+ Nd7 15.Bf4 Bxf3
16.Bxc7 Rc8 17.Ba5 Bc6 18.Rac1 Nb8 19.Ne2 e5 20.f4 Bd6 21.fxe5 Bxe5 22.Bb4 f6
23.Nf4 g5 24.Nd3 Bd4+ 25.Kh1 Kf7 26.Bb3+ Kg7 27.Nc5 Bxb2 28.Rce1 Be5 29.Ne6+  1/2-1/2

[Event "Kragujevac"]
[Site "Kragujevac"]
[Date "1984.??.??"]
[Round "6"]
[White "Novoselski, Zoran"]
[Black "Milicevic, Predrag"]
[Result "1-0"]
[WhiteElo "2410"]
[BlackElo "2280"]

1.e4 c5 2.Nf3 e6 3.d4 cxd4 4.Nxd4 a6 5.Bd3 Qc7 6.O-O Nf6 7.Kh1 Nc6 8.Nxc6 dxc6
9.f4 e5 10.f5 Bc5 11.Bg5 b5 12.a4 Bb7 13.Nd2 h5 14.Nf3 Ng4 15.Qe2 Qb6 16.Bh4 Qc7
17.Rfd1 Be7 18.Bg3 h4 19.Be1 h3 20.gxh3 Nf6 21.Bg3 Bd6 22.c4 bxc4 23.Bxc4 c5
24.Ng5 Ke7 25.Kg1 Rhf8 26.Rd2 Qc6 27.Rad1 Rad8 28.Bd5 Qc7 29.Bxf7 Rxf7 30.Qc4 Nd5
31.Nxf7 Kxf7 32.Rxd5 Bxd5 33.Qxd5+  1-0

[Event "Kragujevac"]
[Site "Kragujevac"]
[Date "1984.??.??"]
[Round "8"]
[White "Lechtynsky, Jiri"]
[Black "Milicevic, Miodrag"]
[Result "1/2-1/2"]
[WhiteElo "2470"]
[BlackElo "2310"]

1.Nf3 c5 2.e4 e6 3.d4 cxd4 4.Nxd4 a6 5.Bd3 Nf6 6.O-O d6 7.c4 Nbd7 8.Nc3 b6
9.Qe2 Bb7 10.b3 Be7 11.Bb2 O-O 12.f4 Qc7 13.Kh1 Rfe8 14.Rae1 e5 15.fxe5 Nxe5
16.Bb1 g6 17.Nc2 Qd8 18.Ne3 Bf8 19.Qf2 Bg7 20.h3 Re6 21.Ned5 Nxd5 22.exd5 Rf6
23.Qe2 Rxf1+ 24.Qxf1 Bc8 25.Qf2 Rb8 26.a4 Rb7 27.Ne4 Bf5 28.Bxe5 Bxe5 29.Nd2 Bd7
30.Qe3 Bg7 31.Bd3 Rb8 32.Nf3 Qf6 33.Ng5 h6 34.Nf3 Qc3 35.Bf1 Re8 36.Qxc3 Bxc3
37.Rxe8+ Bxe8 38.Kg1 f5 39.g3 Kg7 40.Kf2 Kf6 41.h4 g5 42.hxg5+ hxg5 43.c5 dxc5
44.Bxa6 Bf7 45.Bc4 g4 46.Nh4 Bd4+ 47.Ke2 Ke5 48.d6 Bxc4+ 49.bxc4 Ke6 50.d7 Bf6
51.Ng2 Kxd7 52.Ne3 Ke6 53.Nd5 Bd8 54.Kd3 Ke5 55.Ke3 Ke6 56.Kf4 Bf6 57.Nc7+ Kd7
58.Nd5 Ke6 59.Nc7+ Kd7 60.Kxf5 Bh4 61.Nd5 Bxg3 62.Nxb6+ Kc6 63.Nd5 Be1 64.Kxg4 Kb7
65.Nf4 Ka6 66.Nd3 Bb4 67.Kf3 Ka5 68.Ke4 Kxa4 69.Kd5 Ka5 70.Nxc5 Kb6  1/2-1/2

[Event "White Knights"]
[Site "Leningrad"]
[Date "1984.??.??"]
[Round "?"]
[White "Aseev, Konstantin N"]
[Black "Kochyev, Alexander"]
[Result "1/2-1/2"]
[WhiteElo "2390"]
[BlackElo "2455"]

1.e4 c5 2.Nf3 e6 3.d4 cxd4 4.Nxd4 a6 5.Bd3 Nf6 6.O-O Qc7 7.c4 Nc6 8.Be3 Ne5
9.h3 b6 10.f4 Nxd3 11.Qxd3 Bb7 12.Nd2 Bb4 13.N4b3 Bxd2 14.Nxd2 Qc6 15.Rfe1 Nxe4
16.Nxe4 Qxe4 17.Qxe4 Bxe4  1/2-1/2

[Event "SWE-ch"]
[Site "Linkoping"]
[Date "1984.??.??"]
[Round "?"]
[White "Ebenfelt, Anders"]
[Black "Winge, Stefan"]
[Result "1/2-1/2"]
[WhiteElo "2200"]
[BlackElo "2250"]

1.e4 c5 2.Nf3 e6 3.d4 cxd4 4.Nxd4 a6 5.Bd3 Qc7 6.O-O Nf6 7.c4 Nc6 8.Nxc6 dxc6
9.Be3 e5 10.Qe2 Ng4 11.Bg5 h6 12.Bd2 Bc5 13.h3 Nf6 14.Na3 a5 15.Nc2 Be6 16.b3 O-O
17.a3 Rfd8 18.Bc3 g6 19.b4 Nh5 20.Rfd1 Nf4 21.Qf3 axb4 22.axb4 Rxa1 23.Bxa1 Be7
24.Bf1 f6 25.Kh2 Bf7 26.g3 Ne6 27.Bc3 Kg7 28.h4 h5 29.Rxd8 Qxd8 30.Qd3 Qxd3
31.Bxd3 c5 32.b5 Nd4 33.Ne3 Bd8 34.Kg2 Be6 35.f4 Bf7 36.fxe5 fxe5 37.Kf2 Be6
38.Bxd4 exd4 39.Nd5 Ba5 40.e5 Bd2 41.Nf4 Be3+ 42.Kf3 Bxf4 43.gxf4 Bg4+ 44.Kf2 Bf5  1/2-1/2

[Event "SWE-ch"]
[Site "Linkoping"]
[Date "1984.??.??"]
[Round "?"]
[White "Engstrom, Kaj"]
[Black "Winge, Stefan"]
[Result "1-0"]
[WhiteElo "2265"]
[BlackElo "2250"]

1.e4 c5 2.Nf3 e6 3.d4 cxd4 4.Nxd4 a6 5.Bd3 Qc7 6.O-O Nf6 7.Kh1 Nc6 8.Nxc6 dxc6
9.f4 e5 10.f5 Bc5 11.Nd2 Bd7 12.Qe2 h5 13.Nb3 Ba7 14.c4 c5 15.Bg5 Ba4 16.Bxf6 gxf6
17.Nd2 O-O-O 18.Nb1 Rd4 19.Nc3 Bc6 20.Rac1 Rg8 21.a3 Qd6 22.Nd5 Bxd5 23.cxd5 Kb8
24.Rc3 Rg5 25.Rfc1 Ka8 26.b4 cxb4 27.Rc8+ Bb8 28.axb4 Rxb4 29.Ra1 Rb6 30.Qf2 Qb4
31.Qg1 Qd4 32.Qf1 Ka7 33.Rc4 Qe3 34.Rca4 Bd6 35.Bxa6 Kb8 36.Bxb7 Kxb7 37.Ra7+ Kc8
38.Ra8+ Kd7 39.R1a7+ Bc7 40.Rxc7+ Kxc7 41.Qc4+ Kd7 42.Ra7+  1-0

[Event "Naleczow"]
[Site "Naleczow"]
[Date "1984.??.??"]
[Round "?"]
[White "Nicevski, Risto"]
[Black "Adamski, Jan"]
[Result "1/2-1/2"]
[WhiteElo "2390"]
[BlackElo "2430"]

1.e4 c5 2.Nf3 e6 3.d4 cxd4 4.Nxd4 a6 5.Bd3 Nf6 6.O-O d6 7.c4 b6 8.Nc3 Bb7
9.Kh1 Be7 10.f4 O-O 11.Qe2 Nc6 12.Nf3 Nd7 13.Be3 Nc5 14.Bc2 Qc7 15.Rae1 Rad8  1/2-1/2

[Event "Naleczow"]
[Site "Naleczow"]
[Date "1984.??.??"]
[Round "?"]
[White "Gavrikov, Viktor"]
[Black "Adamski, Jan"]
[Result "1/2-1/2"]
[WhiteElo "2505"]
[BlackElo "2430"]

1.e4 c5 2.Nf3 e6 3.d4 cxd4 4.Nxd4 a6 5.Bd3 Nf6 6.O-O d6 7.c4 b6 8.Nc3 Bb7
9.f4 Be7 10.Kh1 O-O 11.Qe2 Nc6 12.Nxc6 Bxc6 13.b3 Nd7 14.Bb2 Bf6 15.Rad1 Bd4
16.Bb1 e5 17.Na4 Bxb2 18.Nxb2 exf4 19.Rxd6 Qc7 20.Qd2 Rae8 21.Qxf4 Bxe4 22.Bxe4  1/2-1/2

[Event "New York op"]
[Site "New York"]
[Date "1984.??.??"]
[Round "1"]
[White "Abreu, Jorge D"]
[Black "Gheorghiu, Florin"]
[Result "1/2-1/2"]
[WhiteElo "2385"]
[BlackElo "2495"]

1.e4 c5 2.Nf3 e6 3.d4 cxd4 4.Nxd4 a6 5.Bd3 Nf6 6.O-O d6 7.c4 b6 8.b3 Bb7
9.Qe2 g6 10.Bb2 Bg7 11.Nd2 Nbd7 12.Rad1 O-O 13.Bb1 Qc7 14.Rfe1 Rfe8 15.N4f3 e5
16.Nf1 Nc5 17.N3d2 Bc6 18.Ne3 Ncxe4 19.Nxe4 Nxe4 20.Bxe4 Bxe4 21.Ba3 Re6
22.Nd5 Bxd5 23.cxd5 Ree8 24.Rc1 Qd8 25.Rc6 Bf8 26.Rec1 b5 27.g3 e4 28.Qe3 Qf6
29.R1c2 Qf5 30.Rd2 Re5 31.Bxd6 Rxd5 32.Bxf8 Rxd2 33.Qxd2 Rxf8 34.Qd4 e3 35.Qxe3 Qb1+
36.Kg2 Qxa2 37.Qc3 Ra8 38.Rc8+ Rxc8 39.Qxc8+ Kg7 40.Qc3+ Kf8 41.Qh8+ Ke7
42.Qe5+ Kd7 43.Qd5+ Ke8 44.Qe5+ Kd7 45.Qd5+ Ke7 46.Qe5+ Kd8 47.Qd6+ Ke8 48.Qe5+  1/2-1/2

[Event "Pernik"]
[Site "Pernik"]
[Date "1984.??.??"]
[Round "7"]
[White "Lukov, Valentin"]
[Black "Velikov, Petar"]
[Result "0-1"]
[WhiteElo "2435"]
[BlackElo "2465"]

1.e4 c5 2.Nf3 e6 3.d4 cxd4 4.Nxd4 a6 5.Bd3 Nf6 6.O-O Qc7 7.Kh1 d6 8.f4 Nbd7
9.c4 Nc5 10.Nc3 Nxd3 11.Qxd3 Be7 12.b3 O-O 13.Bb2 b6 14.Rf3 Re8 15.Raf1 Bb7
16.Rh3 Nd7 17.e5 Nf8 18.f5 dxe5 19.fxe6 Bf6 20.exf7+ Qxf7 21.Nf5 Rad8 22.Qe2 Ne6
23.Rg3 Kh8 24.Ne4 Nf4 25.Qc2 Qe6 26.Nxf6 Qxf6 27.Nxg7 Re7 28.Nh5 Nxg2 29.Rxf6 Ne3+
30.Kg1 Nxc2 31.Bc3 Nd4 32.Kf2 b5 33.Re3 Nc6 34.cxb5 axb5  0-1

[Event "Pernik"]
[Site "Pernik"]
[Date "1984.??.??"]
[Round "9"]
[White "Lukov, Valentin"]
[Black "Peev, Peicho Chonev"]
[Result "1-0"]
[WhiteElo "2435"]
[BlackElo "2405"]

1.e4 c5 2.Nf3 e6 3.d4 cxd4 4.Nxd4 a6 5.Bd3 g6 6.O-O Bg7 7.Nb3 Ne7 8.c4 O-O
9.Nc3 d6 10.Be3 Nbc6 11.Rc1 b6 12.Qd2 Bb7 13.Rfd1 Nc8 14.f3 Ne5 15.Bf1 Qc7
16.Nd4 Re8 17.b4 Qe7 18.Re1 Rb8 19.a3 f5 20.exf5 gxf5 21.Bh6 Qf6 22.Bxg7 Kxg7
23.f4 Ng6 24.Qf2 Nf8 25.Nce2 Ne7 26.Ng3 Kg8 27.Rc3 Neg6 28.Nh5 Qf7 29.Nf3 Bxf3
30.Rxf3 Red8 31.Bd3 b5 32.cxb5 axb5 33.Kh1 Qc7 34.Qb2 Rdc8 35.Bb1 Rb6 36.h3 Rc6
37.Bd3 Rb8 38.Rfe3 Rc3 39.Nf6+ Kf7 40.Bxf5 Rxe3 41.Bxg6+ hxg6 42.Rxe3 Rc8
43.Ne4 Qc1+ 44.Qxc1 Rxc1+ 45.Kh2 Rc6 46.Rc3 Ra6 47.Rc7+ Kg8 48.Nf6+ Kh8 49.Rf7 Ra8
50.g4 d5 51.g5 d4 52.Kg2 Rc8 53.Kf3 Rd8 54.Ke2 Ra8 55.h4  1-0